000 00206nam a22000857a 4500
008 161121b xxu||||| |||| 00| 0 eng d
100 _91300
_aCBSE
245 _aF.A.English Comm-X
260 _aNew delhi
_bCBSE
_c2010
999 _c4012
_d4012